| 000 | 00733nam a22002297a 4500 | ||
|---|---|---|---|
| 003 | OSt | ||
| 005 | 20210422063401.0 | ||
| 008 | 201228s1993 ||||| |||| 00| 0 eng d | ||
| 040 |
_aeng _beng _cDLC |
||
| 041 | _aeng | ||
| 080 |
_a616-053.3 _bB-85 |
||
| 100 |
_9625 _aSaadeh, J. Randa _eEditor |
||
| 245 |
_aBreast-Feeding / The Technical Basis and Recommendations for Action _c/ by: World Health Organization |
||
| 260 |
_aGeneva _bWorld Health Organization _c1993 |
||
| 300 |
_a119 p. _bill. |
||
| 650 | 0 |
_9529 _aNeonatology |
|
| 653 | _aნეონატოლოგია | ||
| 700 |
_9626 _aCooney, A. Kristin _eEditor |
||
| 700 |
_9627 _aLabbok, H. Miriam _eEditor |
||
| 700 |
_9628 _aBooher-Koniz, Peggy _eEditor |
||
| 942 |
_2udc _cBK |
||
| 999 |
_c825 _d825 |
||